Central Library OPAC University of Rajshahi

Police work with juveniles / (Record no. 5245)

MARC details
000 -LEADER
fixed length control field 00882cam a2200277 4500
001 - CONTROL NUMBER
control field 5245
003 - CONTROL NUMBER IDENTIFIER
rucl marc code BD-RjUL
005 - DATE AND TIME OF LATEST TRANSACTION
control field 20211208234033.0
008 - FIXED-LENGTH DATA ELEMENTS--GENERAL INFORMATION
fixed length control field 131224r19621959ilu b 001 0 eng
035 ## - SYSTEM CONTROL NUMBER
System control number (BD-RjUL)5281
040 ## - CATALOGING SOURCE
Original cataloging agency DLC
Transcribing agency DLC
Modifying agency DLC
-- BD-RjUL
Language of cataloging eng
041 ## - LANGUAGE CODE
Language code of text/sound track or separate title eng
082 00 - DEWEY DECIMAL CLASSIFICATION NUMBER
Classification number 364.360973
Author mark and year KEP 1962
100 1# - MAIN ENTRY--PERSONAL NAME
Personal name Kenney, John Paul,
Dates associated with a name 1920-
9 (RLIN) 16486
245 10 - TITLE STATEMENT
Title Police work with juveniles /
Statement of responsibility, etc. by John P. Kenney and Dan G. Pursuit.
250 ## - EDITION STATEMENT
Edition statement 2nd ed.
260 ## - PUBLICATION, DISTRIBUTION, ETC. (IMPRINT)
Place of publication, distribution, etc. Springfield, Ill. :
Name of publisher, distributor, etc. Thomas,
Date of publication, distribution, etc. 1959 [Printing 1962].
300 ## - PHYSICAL DESCRIPTION
Pagination xx, 383 p. ;
Size 24 cm.
504 ## - BIBLIOGRAPHY, ETC. NOTE
Bibliography, etc Includes bibliographies and index.
650 #0 - SUBJECT ADDED ENTRY--TOPICAL TERM
Topical term or geographic name as entry element Police services for juveniles.
9 (RLIN) 16487
Topical term or geographic name as entry element Juvenile justice, Administration of.
9 (RLIN) 16489
700 1# - ADDED ENTRY--PERSONAL NAME
Personal name Pursuit, Dan George,
Dates associated with a name 1911-
Relator term joint author.
942 ## - ADDED ENTRY ELEMENTS (KOHA)
Source of classification or shelving scheme Dewey Decimal Classification
Koha item type Books
Holdings
Lost status Source of classification or shelving scheme Damaged status Not for loan Collection code Permanent Location Current Location Shelving location Date acquired Source of acquisition Total Checkouts Full call number Date last seen Copy number Koha item type
  Dewey Decimal Classification   Not For Loan Non-fiction Central Library, University of Rajshahi Central Library, University of Rajshahi   12/06/1968 Asia Foundation   364.360973 KEP 1962 24/12/2013 C-1 Books